000
00315 a2200121 4500
000
nam a22 7a 4500
005
20260207123221.0
020
_a
9789362713728
100
_a
Ashok Kumar
_9
1114342
245
_a
An Introduction to Ancient Indian Philosophy
260
_b
Venus Publications
_c
2024
942
_c
TEXL
999
_c
1678886
_d
1678886